Rukověť exportéra: Malajsie. 2 Dovozní režim a související předpisy

Hlavné informácie, ktoré sú dôležité pre vykonávanie zahraničného obchodu s Malajziou. Clo a colné konanie. Dane a vedľajšie dávky. Malajské právo. Priemyselné a autorské práva. Rozhodcovské konanie. Vymáhanie pohľadávok. Spoločné podnikanie, zahraničné investície. Vývozné predpisy, podpora vývozu....

Ausführliche Beschreibung

Gespeichert in:
Bibliographische Detailangaben
1. Verfasser: Kachlík, Alfons
Weitere Verfasser: Kachlíková, Hana
Format: Buchkapitel
Sprache:Tschechisch
Schlagworte:
Tags: Tag hinzufügen
Keine Tags, Fügen Sie das erste Tag hinzu!

MARC

LEADER 00000naa a2200000 4500
001 r028119
005 20230908093434.0
041 0 |a cze 
044 |a CZ 
245 1 0 |a Rukověť exportéra: Malajsie. 2  |b Dovozní režim a související předpisy  |c Alfons Kachlík, Hana Kachlíková 
520 |a Hlavné informácie, ktoré sú dôležité pre vykonávanie zahraničného obchodu s Malajziou. Clo a colné konanie. Dane a vedľajšie dávky. Malajské právo. Priemyselné a autorské práva. Rozhodcovské konanie. Vymáhanie pohľadávok. Spoločné podnikanie, zahraničné investície. Vývozné predpisy, podpora vývozu. Devízové predpisy. Služobné cesty, obchodné rokovania. 
610 2 0 |a Malajzia 
610 2 0 |a styk zahraničnoobchodný 
610 2 0 |a obchod zahraničný 
610 2 0 |a predpisy colné 
610 2 0 |a predpisy devízové 
610 2 0 |a investície zahraničné 
610 2 0 |a podpora vývozu 
610 2 0 |a clá 
100 1 |a Kachlík, Alfons 
700 1 |a Kachlíková, Hana